Normal view
MARC view
- Lebedinoe ozero (Tchaikovsky, Peter Ilich)
Entry Uniform Title
001 - CONTROL NUMBER
- control field: 87069
003 - CONTROL NUMBER IDENTIFIER
- control field: OSt
005 - DATE AND TIME OF LATEST TRANSACTION
- control field: 20260113141225.0
008 - FIXED-LENGTH DATA ELEMENTS
- fixed length control field: 260113|| aca||aabn | a|a d
040 ## - CATALOGING SOURCE
- Original cataloging agency: OSt
- Transcribing agency: OSt
130 ## - HEADING--UNIFORM TITLE
- Uniform title: Lebedinoe ozero (Tchaikovsky, Peter Ilich)
670 ## - SOURCE DATA FOUND
- Source citation: Work cat.: (OSt)50055: Flint, Katy, author. 87068, Swan lake /, October 1, 2019.